[Event "Wroclaw op"]
[Site "Wroclaw"]
[Date "2019.08.08"]
[Round "5"]
[White "Seredyn, Dominik"]
[Black "Wieczorek, Zbigniew"]
[Result "1/2-1/2"]
[WhiteElo "1775"]
[BlackElo "2235"]
[PlyCount "67"]
[EventDate "2019.08.05"]
[EventType "swiss"]
[EventRounds "9"]
[EventCountry "POL"]
[SourceTitle "CBM 191 Extra"]
[Source "ChessBase"]
[SourceDate "2019.09.30"]
[SourceVersion "1"]
[SourceVersionDate "2019.09.30"]
[SourceQuality "1"]

1. Nf3 g6 2. c4 Bg7 3. Nc3 d6 4. g3 e5 5. d4 Nd7 6. Bg2 Ngf6 7. dxe5 dxe5 8. Bg5 h6 9. Bxf6 Qxf6 10. Nd5 Qd8 11. 0-0 0-0 12. Nd2 c6 13. Nc3 f5 14. Qc2 Qe7 15. Rab1 e4 16. e3 h5 17. Ne2 Ne5 18. Rfd1 Be6 19. b3 h4 20. f4 exf3 21. Nxf3 hxg3 22. Nxg3 Nxf3+ 23. Bxf3 Qc5 24. Qf2 Rad8 25. Ne2 Bh6 26. Rd4 Qe5 27. Qg2 Qxe3+ 28. Kh1 Rxd4 29. Qxg6+ Bg7 30. Nxd4 Bc8 31. Rd1 Rd8 32. Kg2 Rxd4 33. Rxd4 Qxd4 34. Qe8+ 1/2-1/2

[Event "Dobczyce Dominik Memorial 27th"]
[Site "Dobczyce"]
[Date "2019.07.09"]
[Round "7"]
[White "Seredyn, Dominik"]
[Black "Mirowska, Oliwia"]
[Result "1/2-1/2"]
[WhiteElo "1737"]
[BlackElo "1735"]
[PlyCount "56"]
[EventDate "2019.07.05"]
[EventType "swiss"]
[EventRounds "9"]
[EventCountry "POL"]
[SourceTitle "EXT 2020"]
[Source "ChessBase"]
[SourceDate "2019.10.17"]
[SourceVersion "1"]
[SourceVersionDate "2019.10.17"]
[SourceQuality "1"]

1. e4 d6 2. d4 e5 3. Nf3 Nd7 4. Nc3 Be7 5. Bc4 Ngf6 6. 0-0 0-0 7. h3 c6 8. a4 b6 9. Bg5 a6 10. Qe2 h6 11. Bxf6 Bxf6 12. dxe5 Nxe5 13. Nxe5 dxe5 14. Rfd1 Qe7 15. Qe3 Qb4 16. Bb3 Bg5 17. Qf3 Qe7 18. Rd3 Be6 19. Bxe6 Qxe6 20. Rad1 Rad8 21. Rxd8 Rxd8 22. Rxd8+ Bxd8 23. Qd3 Qc8 24. Nd1 Be7 25. Ne3 b5 26. Nf5 Qd8 27. Qg3 Bf6 28. Nxh6+ Kf8 1/2-1/2

[Event "Dobczyce Dominik Memorial 27th"]
[Site "Dobczyce"]
[Date "2019.07.07"]
[Round "4"]
[White "Dziewonski, Dariusz"]
[Black "Seredyn, Dominik"]
[Result "1/2-1/2"]
[WhiteElo "1879"]
[BlackElo "1737"]
[PlyCount "112"]
[EventDate "2019.07.05"]
[EventType "swiss"]
[EventRounds "9"]
[EventCountry "POL"]
[SourceTitle "EXT 2020"]
[Source "ChessBase"]
[SourceDate "2019.10.17"]
[SourceVersion "1"]
[SourceVersionDate "2019.10.17"]
[SourceQuality "1"]

1. e4 c5 2. Nf3 g6 3. d4 cxd4 4. Nxd4 Bg7 5. c4 Nc6 6. Nc2 Nf6 7. Nc3 0-0 8. Be3 d6 9. Be2 Bd7 10. 0-0 Rc8 11. f3 Qa5 12. Qd2 Rfe8 13. Rad1 Ne5 14. Na3 a6 15. Nd5 Qxd2 16. Rxd2 Nxd5 17. exd5 Rb8 18. Bb6 Rec8 19. h3 Be8 20. f4 Nd7 21. Ba7 Ra8 22. Bf2 Nc5 23. Bf3 b5 24. b3 Kf8 25. Rfd1 Rab8 26. Bd4 Bf6 27. Bxf6 exf6 28. Re1 Bd7 29. g4 Re8 30. Ree2 Rxe2 31. Bxe2 Ne4 32. Rc2 b4 33. Nb1 f5 34. g5 a5 35. Bf3 Ra8 36. Re2 a4 37. Bxe4 fxe4 38. Nd2 axb3 39. axb3 Ra2 40. Kf2 Bf5 41. Ke3 Rc2 42. Kf2 Kg7 43. Nf1 Rxe2+ 44. Kxe2 Bxh3 45. Nd2 f5 46. gxf6+ Kxf6 47. Nxe4+ Kf5 48. Nxd6+ Kxf4 49. Nb7 h5 50. Nc5 Ke5 51. Nd3+ Kd6 52. c5+ Kxd5 53. Nf4+ Kxc5 54. Nxh3 Kd4 55. Kd2 Ke4 56. Ke2 Ke5 1/2-1/2